| 000 | 00909nam a22002297a 4500 | ||
|---|---|---|---|
| 999 |
_c10147 _d10147 |
||
| 003 | AR-CdUCM | ||
| 008 | 190329b ||||| |||| 00| 0 spa d | ||
| 040 |
_aMUNICIPALIDAD PROVINCIAL DEL CUSCO _cBIBLIOTECA MUNICIPAL DEL CUSCO |
||
| 082 |
_aES / 373.574 / _bV32 |
||
| 100 |
_aVasquez Urday, Carlos Emilio _926831 |
||
| 245 | _aBiología 4 / | ||
| 260 |
_aLima : _bAsociación Prisma, |
||
| 300 |
_a372 paginas ; _bIlustraciones, _c25 cm. |
||
| 440 |
_aColección científico tecnológica _926832 |
||
| 505 | _aContenido :Niveles de organización del ser viviente --Funciones que garantizan la supervivencia del individuo --Funciones que garantizan la supervivencia de las especies --Diversidad de las especies --Equilibrio ecológico / | ||
| 650 |
_aCélula _920195 |
||
| 650 |
_aHistoligia _926833 |
||
| 650 |
_aGenética _95063 |
||
| 650 |
_aEvolución _97012 |
||
| 942 |
_2ddc _cLIBROS |
||
| 945 | _arjall | ||